000 00860nam a2200289Ia 4500
003 OSt
005 20221007120956.0
006 a|||||r|||| 00| 0
007 ta
008 221006b |||||||| |||| 00| 0 eng d
020 _a9781588299437 (pbk)
024 _a84394
037 _cTextbook
040 _aBDL
_cBDL
_beng
041 _2eng
_aeng
082 _aI:3, P9 Carb
100 _aPfannschmidt Thomas Ed.
245 0 _aPlant signal transduction:methods and protocols
260 _aNew
_bYork Humana Press
_c2009
300 _axi, 357p.
_ccm.
490 _aMethods in molecular biology, 479
500 _aIncludes bibliographical references.; Index 353-357p.
650 _a Plants transduction
_9710391
650 _aBotany
942 _hI:3, P9 Carb
_cTB
_2CC
999 _c1208259
_d1208259